| 000 | 00670nam a2200205 i 4500 | ||
|---|---|---|---|
| 001 | 130942 | ||
| 003 | ES-MaACL | ||
| 005 | 20250822100421.0 | ||
| 007 | t| | ||
| 008 | 070813s1959 sp ||||1| spa d | ||
| 100 | 1 |
_aWodehouse, P. G., _d1881-1975 _9117205 |
|
| 245 | 1 | 0 |
_a¡Gracias, Jeeves! / _cpor P. G. Wodehouse ; [traducción de Juan González de Luaces]. |
| 260 |
_aBarcelona : _bG. P., _c[1959] |
||
| 300 |
_a192 p. ; _c17 cm. |
||
| 490 | 1 |
_aLibros de Humor "El Gorrión" ; _v61 |
|
| 700 | 0 |
_aLuaces, Juan G. de. _974483 |
|
| 830 | 0 | 0 |
_aLibros de humor "El Gorrión" _v61 _9181844 |
| 852 |
_aES-MaACL _jC-17283 _bR.44995 |
||
| 999 |
_c130942 _d130942 |
||